नायनिका/ (Record no. 206461)

MARC details
000 -LEADER
fixed length control field 00722nam a22001817a 4500
005 - DATE AND TIME OF LATEST TRANSACTION
control field 20241022113517.0
010 ## - LCCN (DPL NO)
LC control number HIN-128673
020 ## - INTERNATIONAL STANDARD BOOK NUMBER
International Standard Book Number 9789382641384
Terms of availability 495.00
035 ## - SYSTEM CONTROL NUMBER
System control number HN-101019
037 ## - SOURCE OF ACQUISITION
Source of stock number/acquisition DBAD
082 ## - DEWEY DECIMAL CLASSIFICATION NUMBER
Classification number 822
100 ## - MAIN ENTRY--PERSONAL NAME
Personal name द्विवेदी, रामसागर
245 ## - TITLE STATEMENT
Title नायनिका/
Statement of responsibility, etc रामसागर द्विवेदी
260 ## - PUBLICATION, DISTRIBUTION, ETC. (IMPRINT)
Place of publication, distribution, etc दिल्ली
Name of publisher, distributor, etc अक्षरशिल्पी
Date of publication, distribution, etc 2019
270 ## - ADDRESS
Address 10295, गली नं. 1वेस्ट गोरख पार्क
City दिल्ली
Postal code 110032
Telephone number 9868218917
300 ## - PHYSICAL DESCRIPTION
Extent 223 पृ.
Dimensions 23 सेमी (सजिल्द)
942 ## - ADDED ENTRY ELEMENTS (KOHA)
Item type Hindi Books
Source of classification or shelving scheme Dewey Decimal Classification
Classification part 822
Call number suffix द्विवेदी
Holdings
Withdrawn status Lost status Not for loan Collection code Home library Current library Date acquired Source of acquisition Cost, normal purchase price Full call number Barcode Copy number Cost, replacement price Koha item type
      Non-fiction Bawana Bawana 17/10/2024 DBAD 495.00 822 द्विवेदी HN-101019 1 495.00 Hindi Books

© Delhi Public Library
Hit Counter
free hit counter